000 00409 a2200157 4500
001 171128
020 _a
040 _cMagnum
100 _aPrieto, Heloisa
240 1 0 _aDivinas aventuras: historias de la mitologia griega
_lESP
245 1 0 _aDivinas aventuras: historias de la mitologia griega
362 0 _a1899
440 1 _aCompanhia das Letrinhas
697 _aLITERATURA ESTRANGEIRA
942 _cBK
999 _c171128
_d171128